000 00757nam a2200229 a 4500
001 BRCA_918
005 20190320203215.0
008 140408s1910----fr-aecaf##---#000-i#fre-#
041 _afre
044 _afr
050 4 _aDC183
_b.L46 1910
100 1 _aLenotre, G.
_d1855-1935
_93038
245 1 0 _aLe Tribunal Révolutionnaire
_b(1793-1795)
_cG. Lenotre.
260 _aParís
_bPerrin et Cie
_c1910
300 _aiii, 370 p.
_bil.
_c19 cm.
440 0 _aMémoires et Souvenirs sur la Révolution et L´Empire
_pPubliés avec des documents inédits
_93039
500 _aColección Sonia Corcuera de Mancera
651 4 _aFrancia
_xTribunal revolucionario
_93040
651 4 _aFrancia
_xHistoria
_yRevolución, 1789-1799
_93041
902 _aDSC
942 _2lcc
_cB
999 _c809
_d809